Analytical measurements and instrumentation for process and pollution control /

Bibliographic Details
Other Authors: Cheremisinoff, Paul N., Perlis, Harlan J., Beck, W. L.
Format: Book
Language:English
Published: Ann Arbor, Mich. : Ann Arbor Science Publishers, [1981]
Subjects:

MARC

Tag First Indicator Second Indicator Subfields
LEADER 00000cam a2200000 a 4500
001 in00000071554
005 20151008062259.0
008 811026s1981 miua b 00100 eng
010 |a  80070319  
020 |a 0250404052 
035 |a (OCoLC)07556484 
035 |9 AAJ9892AM 
039 0 |a 2  |b 3  |c 3  |d 3  |e 3 
040 |a DLC  |c DLC  |d TXA  |d UtOrBLW 
049 |a TXAM  |c [800599] 
050 0 0 |a QD79.I5  |b A5 
082 0 |a 543/.08  |2 19 
245 0 0 |a Analytical measurements and instrumentation for process and pollution control /  |c edited by Paul N. Cheremisinoff, Harlan J. Perlis ; contributors, W.L. Beck, Jr. [and others]. 
264 1 |a Ann Arbor, Mich. :  |b Ann Arbor Science Publishers,  |c [1981] 
264 4 |c ©1981 
300 |a viii, 496 pages :  |b illustrations ;  |c 24 cm. 
336 |a text  |b txt  |2 rdacontent 
337 |a unmediated  |b n  |2 rdamedia 
338 |a volume  |b nc  |2 rdacarrier 
504 |a Includes bibliographical references and index. 
650 0 |a Instrumental analysis. 
650 0 |a Engineering instruments. 
700 1 |a Cheremisinoff, Paul N. 
700 1 |a Perlis, Harlan J. 
700 1 |a Beck, W. L. 
999 |a MARS 
999 f f |s 6537a41e-e882-317b-94fb-0769523ce97b  |i 2fd941d7-8cb0-3e59-8386-57027551aa73  |t 0 
952 f f |p normal  |a Texas A&M University  |b College Station  |c Sterling C. Evans Library  |d Evans: Library Stacks  |t 0  |e QD79.I5 A5  |h Library of Congress classification  |i unmediated -- volume  |m A14806210896 
998 f f |a QD79.I5 A5  |t 0  |l Evans: Library Stacks